[Event "Benidorm 2015 - sub2000"]
[Site "Benidorm ESP"]
[Date "2015.12.02"]
[Round "5.6"]
[White "Boixader Arbo, Xavier"]
[Black "La Orden Gil, Javier"]
[Result "0-1"]
[WhiteElo "1929"]
[BlackElo "1991"]
[PlyCount "90"]
[EventDate "2015.11.28"]
[EventType "swiss"]
[EventRounds "10"]
[EventCountry "ESP"]
[Source "lmi"]
[SourceDate "2015.11.28"]
[WhiteClock "0:26:29"]
[BlackClock "0:25:13"]

1. e4 c5 2. Nf3 e6 3. d3 Nc6 4. g3 g6 5. Bg2 Bg7 6. O-O Nge7 7. c3 O-O 8. d4 d6
9. Be3 b6 10. d5 exd5 11. exd5 Ne5 12. Nxe5 Bxe5 13. Re1 Nf5 14. Na3 Nxe3 15.
Rxe3 a6 16. Nc4 Bf6 17. a4 Rb8 18. Qe2 b5 19. axb5 axb5 20. Nd2 Bf5 21. Be4 Bd7
22. Bf3 Bg5 23. Ne4 Bxe3 24. Qxe3 Bf5 25. Nd2 Ra8 26. Rxa8 Qxa8 27. g4 Bc2 28.
Qf4 Qa1+ 29. Kg2 Qxb2 30. Qxd6 Qxc3 31. Nf1 b4 32. Qe7 b3 33. d6 Qd4 34. Ne3
Bd3 35. Nd5 Bb5 36. Be4 b2 37. g5 b1=Q 38. Nf6+ Qxf6 39. gxf6 Qf1+ 40. Kf3 Qe2+
41. Kg3 Re8 42. Qb7 Rxe4 43. Qc8+ Re8 44. d7 Qe5+ 45. Kg2 Qg5+ 0-1

[Event "Benidorm 2015 - sub2000"]
[Site "Benidorm ESP"]
[Date "2015.12.02"]
[Round "5.7"]
[White "Ayats Llobera, Gerard"]
[Black "Grau Peris, Ruben"]
[Result "1-0"]
[WhiteElo "1988"]
[BlackElo "1897"]
[PlyCount "121"]
[EventDate "2015.11.28"]
[EventType "swiss"]
[EventRounds "10"]
[EventCountry "ESP"]
[Source "lmi"]
[SourceDate "2015.11.28"]

1. e4 e6 2. d4 d5 3. Nd2 dxe4 4. Nxe4 Nd7 5. Nf3 Ngf6 6. Ng3 Be7 7. Bd3 O-O 8.
Qe2 c5 9. Be3 Qa5+ 10. c3 Nd5 11. O-O Nxe3 12. fxe3 Qc7 13. e4 e5 14. d5 Nf6
15. c4 Bg4 16. h3 Nh5 17. Nxh5 Bxh5 18. g4 Bg6 19. Qh2 f6 20. b3 Qa5 21. Qb2
Qc7 22. a3 Qd7 23. Kf2 b6 24. Rg1 h6 25. Nh4 Kf7 26. Qe2 a5 27. a4 Rh8 28. Qf3
Bh7 29. Nf5 Bg6 30. Rg2 Rag8 31. Be2 Bd6 32. Rag1 Ke8 33. Qe3 Kd8 34. Ke1 Kc7
35. Kd1 Qd8 36. h4 Qd7 37. Nxd6 Kxd6 38. g5 hxg5 39. hxg5 Rh3 40. Rg3 Rxg3 41.
Qxg3 f5 42. Bd3 f4 43. Qh2 Qc8 44. Rh1 Qg4+ 45. Kc2 Qxg5 46. Qh3 Bf7 47. Be2
Qf6 48. Bg4 g5 49. Bc8 Be8 50. Qh7 Qg6 51. Rh6 f3 52. Rxg6+ Rxg6 53. Qh8 Ke7
54. Qxe5+ Kf8 55. Qf5+ Kg7 56. Qxf3 Rf6 57. Bf5 Rh6 58. Qg3 Kf6 59. Qd6+ Kg7
60. Qe7+ Bf7 61. Qxg5+ 1-0

[Event "Benidorm 2015 - sub2000"]
[Site "Benidorm ESP"]
[Date "2015.12.03"]
[Round "6.1"]
[White "Blesa Fernandez, Francisco"]
[Black "Hyshchuk, Andriy"]
[Result "1-0"]
[WhiteElo "1997"]
[BlackElo "1613"]
[PlyCount "81"]
[EventDate "2015.11.28"]
[EventType "swiss"]
[EventRounds "10"]
[EventCountry "ESP"]
[Source "lmi"]
[SourceDate "2015.11.28"]

1. d4 d5 2. c4 e6 3. Nf3 Nf6 4. Nc3 Be7 5. Bg5 Nbd7 6. e3 O-O 7. Rc1 h6 8. Bh4
c6 9. Bd3 dxc4 10. Bxc4 Nd5 11. Bxe7 Qxe7 12. O-O Re8 13. Qc2 Nb4 14. Qb3 Nd5
15. a3 N7b6 16. Bd3 Rd8 17. Bb1 Nd7 18. Qc2 Nf8 19. Ne4 Nf6 20. Ng3 N6d7 21.
Rfd1 Nb6 22. Ne5 Nd5 23. Qc5 Qc7 24. b4 Nd7 25. Nxd7 Bxd7 26. Qc2 Nf6 27. Ne4
Nd5 28. Nc5 Nf6 29. e4 g6 30. e5 Nd5 31. h4 Be8 32. h5 Qe7 33. hxg6 fxg6 34.
Ne4 Bf7 35. Rd3 Kg7 36. Rf3 Nc7 37. Nd6 Rf8 38. Nxf7 Rxf7 39. Qxg6+ Kf8 40.
Qxh6+ Ke8 41. Bg6 1-0

[Event "Benidorm 2015 - sub2000"]
[Site "Benidorm ESP"]
[Date "2015.12.03"]
[Round "6.2"]
[White "Milchenko, Valerii"]
[Black "Goodfellow, Russell Robert"]
[Result "0-1"]
[WhiteElo "1743"]
[BlackElo "1783"]
[PlyCount "150"]
[EventDate "2015.11.28"]
[EventType "swiss"]
[EventRounds "10"]
[EventCountry "ESP"]
[Source "lmi"]
[SourceDate "2015.11.28"]

1. e4 c5 2. Nf3 e6 3. d4 cxd4 4. Nxd4 Nf6 5. Be3 Nxe4 6. Bd3 Nf6 7. O-O Nc6 8.
Nb3 d5 9. Re1 Be7 10. c3 O-O 11. f3 b6 12. N1d2 Bb7 13. Nd4 h6 14. Bf2 Re8 15.
N2b3 Nd7 16. Rc1 Bf8 17. Bb1 Qf6 18. Qc2 g6 19. h4 Bd6 20. h5 Nf8 21. hxg6 fxg6
22. a3 Rac8 23. Rcd1 Bb8 24. Qd2 Qf4 25. Qxf4 Bxf4 26. g3 Bb8 27. f4 e5 28.
Nxc6 Bxc6 29. fxe5 Bxe5 30. Nd4 Bb7 31. Ba2 Bb8 32. Kg2 Rxe1 33. Rxe1 Kf7 34.
Be3 Re8 35. Rf1+ Kg7 36. Bf4 Bxf4 37. gxf4 a6 38. f5 g5 39. f6+ Kf7 40. Rf2 Ne6
41. Nf5 Rd8 42. Nxh6+ Kg6 43. Ng4 Nf4+ 44. Kf1 Bc8 45. Ne3 Be6 46. c4 d4 47.
Nd5 Bxd5 48. cxd5 Kxf6 49. Rh2 Ke5 50. Rh6 Rd6 51. Rh8 Nxd5 52. Rg8 Ne3+ 53.
Ke2 Kf4 54. Kd3 g4 55. Rf8+ Ke5 56. Re8+ Kf6 57. Rf8+ Kg7 58. Rg8+ Kh6 59. Rh8+
Kg5 60. Rg8+ Kf4 61. Rf8+ Nf5 62. Bb1 Rg6 63. Ke2 Rg5 64. Kf2 g3+ 65. Kg2 Ke5
66. Bxf5 Rxf5 67. Re8+ Kf4 68. Rg8 Rg5 69. Rf8+ Ke3 70. Rf6 Rb5 71. b3 d3 72.
Rf3+ Ke2 73. b4 d2 74. Rf6 d1=Q 75. Re6+ Kd2 0-1

[Event "Benidorm 2015 - sub2000"]
[Site "Benidorm ESP"]
[Date "2015.12.03"]
[Round "6.3"]
[White "La Orden Gil, Javier"]
[Black "Sevillano Garcia, Joaquin"]
[Result "1-0"]
[WhiteElo "1991"]
[BlackElo "1887"]
[PlyCount "45"]
[EventDate "2015.11.28"]
[EventType "swiss"]
[EventRounds "10"]
[EventCountry "ESP"]
[Source "lmi"]
[SourceDate "2015.11.28"]

1. e4 e6 2. d4 d5 3. exd5 exd5 4. c4 Nf6 5. Nc3 Nc6 6. Nf3 Be7 7. cxd5 Nxd5 8.
Bc4 Nxc3 9. bxc3 O-O 10. O-O Na5 11. Bd3 Be6 12. Ne5 c5 13. Re1 Nc6 14. Qh5 g6
15. Nxg6 hxg6 16. Bxg6 fxg6 17. Qxg6+ Kh8 18. Qh6+ Kg8 19. Qxe6+ Rf7 20. d5 Nb8
21. Re4 Bf6 22. Rg4+ Bg7 23. Bh6 1-0

[Event "Benidorm 2015 - sub2000"]
[Site "Benidorm ESP"]
[Date "2015.12.03"]
[Round "6.4"]
[White "Lloret Mauri, Jaime"]
[Black "Ayats Llobera, Gerard"]
[Result "0-1"]
[WhiteElo "1952"]
[BlackElo "1988"]
[PlyCount "104"]
[EventDate "2015.11.28"]
[EventType "swiss"]
[EventRounds "10"]
[EventCountry "ESP"]
[Source "lmi"]
[SourceDate "2015.11.28"]

1. e4 c5 2. Nf3 e6 3. c3 Nf6 4. e5 Nd5 5. Bc4 d6 6. d4 cxd4 7. Bxd5 exd5 8.
Qxd4 Be6 9. Bg5 dxe5 10. Qxe5 Qd7 11. Bf4 f6 12. Qe3 Kf7 13. Nd4 Bc5 14. O-O
Re8 15. Qd3 Kg8 16. Nxe6 Qxe6 17. Nd2 Nc6 18. Rad1 Rad8 19. Qb5 Bb6 20. Nf3 Qe4
21. Bg3 Qc4 22. Qxc4 dxc4 23. Rxd8 Rxd8 24. Re1 g5 25. h3 Kf7 26. Kf1 Rd5 27.
Ke2 Ra5 28. Ra1 Rb5 29. Rb1 Na5 30. Nd2 Ke6 31. b4 cxb3 32. axb3 Rd5 33. b4 Nc6
34. Nc4 f5 35. Nxb6 axb6 36. f3 b5 37. h4 gxh4 38. Bxh4 Ne5 39. Rh1 Nc4 40. Bg5
Kf7 41. Bf4 Kg7 42. Ra1 Rd7 43. Ra8 Kf7 44. Rc8 Ke6 45. Re8+ Re7 46. Rd8 b6 47.
Rd4 Ra7 48. g3 Ra2+ 49. Kf1 Rc2 50. Rd3 Rb2 51. Bh6 Ne5 52. Bg7 Nxd3 0-1

[Event "Benidorm 2015 - sub2000"]
[Site "Benidorm ESP"]
[Date "2015.12.03"]
[Round "6.5"]
[White "Constantino, Gudlack"]
[Black "Picazo Picazo, Pedro Jesus"]
[Result "1-0"]
[WhiteElo "1994"]
[BlackElo "1833"]
[PlyCount "57"]
[EventDate "2015.11.28"]
[EventType "swiss"]
[EventRounds "10"]
[EventCountry "ESP"]
[Source "lmi"]
[SourceDate "2015.11.28"]

1. e4 c5 2. Nf3 e6 3. d4 cxd4 4. Nxd4 a6 5. c4 Qc7 6. Nc3 Nf6 7. Be2 d6 8. O-O
Be7 9. b3 O-O 10. Bb2 Nbd7 11. Rc1 b6 12. Bf3 Bb7 13. Qe2 Ne5 14. Rfd1 Rfe8 15.
Qe3 Nxf3+ 16. Qxf3 Nd7 17. Qg3 Bf8 18. f3 Rac8 19. Kh1 Qb8 20. Na4 Ba8 21. b4
Ne5 22. c5 bxc5 23. bxc5 dxc5 24. Nb3 f6 25. Bxe5 fxe5 26. Naxc5 a5 27. Nd7
Rxc1 28. Rxc1 Qb5 29. Nf6+ 1-0

[Event "Benidorm 2015 - sub2000"]
[Site "Benidorm ESP"]
[Date "2015.12.03"]
[Round "6.7"]
[White "Garcia Sancho, Josep"]
[Black "Landa Monux, Josu"]
[Result "1/2-1/2"]
[WhiteElo "1886"]
[BlackElo "1976"]
[PlyCount "108"]
[EventDate "2015.11.28"]
[EventType "swiss"]
[EventRounds "10"]
[EventCountry "ESP"]
[Source "lmi"]
[SourceDate "2015.11.28"]

1. d4 Nf6 2. c4 g6 3. Nf3 Bg7 4. g3 O-O 5. Bg2 d6 6. h3 Nc6 7. Nc3 Bd7 8. O-O
e5 9. e4 exd4 10. Nxd4 Nxe4 11. Nxe4 Bxd4 12. Bg5 f6 13. Bh6 Re8 14. Ng5 fxg5
15. Bd5+ Kh8 16. Bxc6 Bf6 17. Bxd7 Qxd7 18. Qf3 Qf5 19. Kg2 Qxf3+ 20. Kxf3 Re5
21. Rad1 Rae8 22. Rd2 a5 23. Rfd1 Rf5+ 24. Kg2 Kg8 25. b3 Kf7 26. g4 Rfe5 27.
f4 Re2+ 28. Kf1 Rxd2 29. Rxd2 gxf4 30. Bxf4 Re4 31. Bg3 Ke6 32. Kf2 Bd4+ 33.
Kf3 Re3+ 34. Kg2 Bc3 35. Rc2 Rd3 36. Bf2 Bb4 37. Re2+ Kd7 38. Be3 c6 39. Bg5 d5
40. cxd5 cxd5 41. Bf6 Rd2 42. Rxd2 Bxd2 43. Bd4 Kd6 44. Kf3 Bb4 45. a4 Bc5 46.
Bg7 Bg1 47. Bf8+ Kc6 48. Ke2 Bh2 49. Kd3 Be5 50. Ba3 Bd6 51. Bb2 Bb4 52. Bd4
Kd6 53. Bg7 Ke6 54. Bd4 h5 1/2-1/2

[Event "Benidorm 2015 - sub2000"]
[Site "Benidorm ESP"]
[Date "2015.12.04"]
[Round "7.1"]
[White "Goodfellow, Russell Robert"]
[Black "Blesa Fernandez, Francisco"]
[Result "0-1"]
[WhiteElo "1783"]
[BlackElo "1997"]
[PlyCount "96"]
[EventDate "2015.11.28"]
[EventType "swiss"]
[EventRounds "10"]
[EventCountry "ESP"]
[Source "lmi"]
[SourceDate "2015.11.28"]

1. e4 c5 2. Nf3 e6 3. d4 cxd4 4. Nxd4 Nc6 5. Nb5 d6 6. c4 a6 7. N5c3 Nf6 8. Be2
Be7 9. Be3 Qc7 10. f3 b6 11. Na4 Nd7 12. Nbc3 Nc5 13. Rc1 Bd7 14. a3 Ne5 15. b4
Nxa4 16. Nxa4 Rb8 17. O-O O-O 18. Qb3 Rfc8 19. f4 Ng6 20. Bd3 Qd8 21. Nc3 b5
22. Ne2 bxc4 23. Bxc4 Bb5 24. f5 Bxc4 25. Rxc4 exf5 26. Rxc8 Qxc8 27. Rxf5 Ne5
28. Nc3 Qc4 29. Qxc4 Nxc4 30. Bc1 Bf6 31. Rf3 Re8 32. Nd5 Bd4+ 33. Kf1 Rxe4 34.
Nc7 a5 35. bxa5 Nxa5 36. Nb5 Be5 37. g3 h5 38. Rd3 Nb7 39. Bd2 h4 40. Kg2 Nc5
41. Rd5 Re2+ 42. Kh3 hxg3 43. hxg3 Ne4 44. Bf4 Nf2+ 45. Kg2 Nd3+ 46. Kf3 Rf2+
47. Ke3 Nxf4 48. Rxe5 Re2+ 0-1

[Event "Benidorm 2015 - sub2000"]
[Site "Benidorm ESP"]
[Date "2015.12.04"]
[Round "7.2"]
[White "Ayats Llobera, Gerard"]
[Black "La Orden Gil, Javier"]
[Result "1-0"]
[WhiteElo "1988"]
[BlackElo "1991"]
[PlyCount "126"]
[EventDate "2015.11.28"]
[EventType "swiss"]
[EventRounds "10"]
[EventCountry "ESP"]
[Source "lmi"]
[SourceDate "2015.11.28"]

1. e4 c5 2. Nf3 e6 3. g3 g6 4. d4 cxd4 5. Qxd4 Qf6 6. Qxf6 Nxf6 7. Nc3 Bb4 8.
Bd2 Nc6 9. a3 Ba5 10. b4 Bb6 11. Bc4 d6 12. O-O Bd7 13. Bg5 Ng4 14. Rad1 h6 15.
Bc1 Nce5 16. Nxe5 Nxe5 17. Be2 Rc8 18. Bb2 Ke7 19. Rd2 Rhd8 20. Rfd1 Be8 21.
Kg2 a6 22. f4 Nc4 23. Bxc4 Rxc4 24. e5 dxe5 25. Rxd8 Bxd8 26. fxe5 Bb6 27. Rd2
Bc6+ 28. Kf1 Ke8 29. Ke2 Bc7 30. Kd3 b5 31. Re2 Bf3 32. Re3 Bg4 33. Ne4 Bf5 34.
Bd4 g5 35. Re2 Kd7 36. c3 Kc6 37. Kd2 Bxe5 38. Bxe5 Bxe4 39. g4 f5 40. Bg7 Kd5
41. Bxh6 Bf3 42. Re3 Bxg4 43. Bxg5 e5 44. Rd3+ Ke6 45. Rd8 f4 46. Rf8 Rc6 47.
Bxf4 exf4 48. Rxf4 Bf5 49. Rh4 Ke5 50. Rh8 Rd6+ 51. Ke2 Rc6 52. Kd2 Rb6 53. Rc8
Rh6 54. h4 Kf4 55. c4 bxc4 56. Kc3 Bd3 57. a4 Kg4 58. a5 Kxh4 59. Rb8 Kg5 60.
Kd4 Rh4+ 61. Kc3 Rh6 62. Kd4 Rh4+ 63. Kc3 Kf4 1-0

[Event "Benidorm 2015 - sub2000"]
[Site "Benidorm ESP"]
[Date "2015.12.04"]
[Round "7.3"]
[White "Do Rosario, Jose"]
[Black "Constantino, Gudlack"]
[Result "1/2-1/2"]
[WhiteElo "1839"]
[BlackElo "1994"]
[PlyCount "67"]
[EventDate "2015.11.28"]
[EventType "swiss"]
[EventRounds "10"]
[EventCountry "ESP"]
[Source "lmi"]
[SourceDate "2015.11.28"]

1. d4 d5 2. c4 e6 3. Nf3 Nf6 4. Nc3 c6 5. Bg5 Nbd7 6. c5 Be7 7. e3 h6 8. Bf4
O-O 9. Be2 Re8 10. O-O Bf8 11. h3 Ne4 12. Nxe4 dxe4 13. Nd2 e5 14. Bh2 exd4 15.
exd4 Nf6 16. Nc4 Nd5 17. Re1 Qg5 18. Kh1 Qh4 19. Rf1 Qf6 20. Be5 Qg6 21. Qb3
Kh7 22. Qg3 Qxg3 23. Bxg3 Be6 24. Rad1 Rad8 25. Rfe1 f5 26. Be5 Rd7 27. a3 Red8
28. Bd6 g6 29. Bf1 Nf6 30. Be5 Bg7 31. Nd6 Ne8 32. Bh2 Nxd6 33. Bxd6 Bd5 34.
Be2 1/2-1/2

[Event "Benidorm 2015 - sub2000"]
[Site "Benidorm ESP"]
[Date "2015.12.04"]
[Round "7.4"]
[White "Corral Aragon, Juan Maria"]
[Black "Bote Kobolo, Benjamin"]
[Result "1-0"]
[WhiteElo "1827"]
[BlackElo "1966"]
[PlyCount "101"]
[EventDate "2015.11.28"]
[EventType "swiss"]
[EventRounds "10"]
[EventCountry "ESP"]
[Source "lmi"]
[SourceDate "2015.11.28"]

1. e4 Nc6 2. d4 e5 3. d5 Nce7 4. Be3 Ng6 5. g3 Nf6 6. f3 Be7 7. Nc3 a6 8. Qd2
O-O 9. h4 Bb4 10. a3 Bxc3 11. Qxc3 d6 12. h5 Ne7 13. h6 g6 14. g4 c6 15. Bg5
Ne8 16. dxc6 bxc6 17. O-O-O f6 18. Bc4+ d5 19. exd5 cxd5 20. Bxf6 Rxf6 21. Qxe5
Rd6 22. Bb3 Re6 23. Qg5 Bb7 24. Nh3 Qd6 25. Rhe1 Nc7 26. Nf4 Rf6 27. Nh5 Rf7
28. Re5 Ne6 29. Qe3 Nc5 30. Ba2 gxh5 31. gxh5 Nf5 32. Qg5+ Ng7 33. Rdxd5 Bxd5
34. Bxd5 Kh8 35. Bxf7 Nd3+ 36. cxd3 Nxh5 37. Qxh5 Rc8+ 38. Bc4 Rf8 39. Rd5 Qf4+
40. Kb1 a5 41. Qe5+ Qxe5 42. Rxe5 a4 43. Bb5 Kg8 44. Re8 Kf7 45. Rxf8+ Kxf8 46.
Bxa4 Kg8 47. Bc2 Kh8 48. a4 Kg8 49. a5 Kh8 50. a6 Kg8 51. a7 1-0

[Event "Benidorm 2015 - sub2000"]
[Site "Benidorm ESP"]
[Date "2015.12.04"]
[Round "7.5"]
[White "Castrillon Otero, Javier"]
[Black "Zibaei, Abdoullah"]
[Result "0-1"]
[WhiteElo "1952"]
[BlackElo "1914"]
[PlyCount "130"]
[EventDate "2015.11.28"]
[EventType "swiss"]
[EventRounds "10"]
[EventCountry "ESP"]
[Source "lmi"]
[SourceDate "2015.11.28"]

1. d4 Nf6 2. c4 e5 3. dxe5 Ng4 4. Bf4 Nc6 5. Nf3 Bb4+ 6. Nc3 Qe7 7. Qd5 f6 8.
exf6 Nxf6 9. Qd3 d6 10. g3 Ne4 11. Nd4 Bxc3+ 12. bxc3 Nc5 13. Qe3 Qxe3 14. Bxe3
Ne5 15. Nb3 Ne4 16. Bd4 Nxc4 17. Bxg7 Rg8 18. Bd4 c5 19. Bg2 Bf5 20. f3 Ng5 21.
Bf2 Bh3 22. O-O O-O-O 23. Rad1 Rge8 24. Rfe1 Bxg2 25. Kxg2 Ne3+ 26. Bxe3 Rxe3
27. h4 Nf7 28. Rd3 Rde8 29. Kf2 R3e6 30. Rd5 Re3 31. Rf5 Nd8 32. c4 Nc6 33. Rh5
Nb4 34. Rxh7 Nd3+ 35. exd3 Rxe1 36. g4 R1e2+ 37. Kg3 R2e3 38. g5 Rf8 39. Nd2
Rg8 40. Kg4 Rxd3 41. Ne4 Rd4 42. h5 d5 43. cxd5 c4 44. Kf5 Rxd5+ 45. Ke6 Rdd8
46. g6 b5 47. Rxa7 Kb8 48. Ra5 Rge8+ 49. Kf6 Rf8+ 50. Kg7 Rf5 51. Nf6 c3 52.
Ra6 Kb7 53. Re6 c2 54. Re1 Rd1 55. Re7+ Kb6 56. Re6+ Kc7 57. Re7+ Kc6 58. Re8
Rc5 59. Rc8+ Kb6 60. Rxc5 Kxc5 61. h6 c1=Q 62. h7 Rd8 63. h8=Q Rxh8 64. Kxh8
Qh6+ 65. Nh7 Qxg6 0-1

[Event "Benidorm 2015 - sub2000"]
[Site "Benidorm ESP"]
[Date "2015.12.05"]
[Round "8.1"]
[White "Blesa Fernandez, Francisco"]
[Black "Ayats Llobera, Gerard"]
[Result "0-1"]
[WhiteElo "1997"]
[BlackElo "1988"]
[PlyCount "96"]
[EventDate "2015.11.28"]
[EventType "swiss"]
[EventRounds "10"]
[EventCountry "ESP"]
[Source "lmi"]
[SourceDate "2015.11.28"]

1. d4 d5 2. c4 c6 3. Nf3 Nf6 4. Nc3 e6 5. Bg5 h6 6. Bxf6 Qxf6 7. e3 g6 8. Be2
Bg7 9. O-O O-O 10. b4 dxc4 11. Bxc4 Qe7 12. Qb3 b5 13. Be2 a5 14. bxa5 Rxa5 15.
a4 b4 16. Ne4 c5 17. Nxc5 Rxc5 18. dxc5 Bxa1 19. Rxa1 Qxc5 20. Rb1 Ba6 21. Bb5
Rc8 22. h3 Bxb5 23. axb5 Qxb5 24. Nd4 Qb6 25. Kh2 Na6 26. Ra1 Nc5 27. Qc4 b3
28. Rb1 b2 29. Qc2 Rb8 30. Nf3 Qb4 31. Ne5 Qe4 32. Qxe4 Nxe4 33. Nc4 Rb4 34.
Rxb2 Rxc4 35. f3 Nf6 36. Kg3 Kg7 37. e4 Rc1 38. Kf4 Nd7 39. h4 Rc3 40. g4 g5+
41. hxg5 hxg5+ 42. Kxg5 Rxf3 43. Rb7 Nf6 44. e5 Ne4+ 45. Kh4 Rd3 46. g5 Nf2 47.
g6 Kxg6 48. Rb3 Rh3+ 0-1

[Event "Benidorm 2015 - sub2000"]
[Site "Benidorm ESP"]
[Date "2015.12.05"]
[Round "8.2"]
[White "Fichtinger, Leopold"]
[Black "Goodfellow, Russell Robert"]
[Result "1-0"]
[WhiteElo "1951"]
[BlackElo "1783"]
[PlyCount "157"]
[EventDate "2015.11.28"]
[EventType "swiss"]
[EventRounds "10"]
[EventCountry "ESP"]
[Source "lmi"]
[SourceDate "2015.11.28"]

1. d4 f5 2. e4 fxe4 3. Nc3 Nf6 4. Bg5 Nc6 5. d5 Ne5 6. Qd4 Nf7 7. Bxf6 exf6 8.
O-O-O f5 9. f3 Qg5+ 10. Kb1 Bd6 11. fxe4 Be5 12. Qb4 Qe7 13. Qxe7+ Kxe7 14.
exf5 Bxc3 15. bxc3 Nh6 16. d6+ cxd6 17. Bd3 Rf8 18. Re1+ Kd8 19. Ne2 d5 20. Nd4
Ng4 21. h3 Nf6 22. g4 b6 23. g5 Ne4 24. Bxe4 dxe4 25. Rhf1 Bb7 26. f6 gxf6 27.
gxf6 a6 28. Re3 Kc7 29. Rg3 Rf7 30. Rg7 Raf8 31. Rxf7 Rxf7 32. Kc1 Bd5 33. a3
Be6 34. h4 Kd6 35. Kd2 Ke5 36. Ke3 Rxf6 37. Rxf6 Kxf6 38. Kxe4 d5+ 39. Kf4 Bd7
40. Nf3 Bf5 41. Ne5 Be4 42. Nd7+ Ke6 43. Nxb6 Bxc2 44. Ke3 Ke5 45. Nd7+ Kf5 46.
Kd4 Bb3 47. Nb6 Ke6 48. Kc5 Ke5 49. Kb4 Bc2 50. Nd7+ Kf5 51. Nc5 Kg4 52. Nxa6
Kxh4 53. Nc5 Be4 54. a4 Bf3 55. a5 Kg3 56. Ne6 Be2 57. Kc5 Bc4 58. Ng7 Kg4 59.
Ne8 Kg5 60. Nd6 Ba6 61. Kxd5 h5 62. Ne4+ Kf4 63. Nf2 Kf3 64. Nh3 Bb7+ 65. Kd6
Kg4 66. Ng1 Kg3 67. c4 Ba6 68. Kd5 h4 69. Ne2+ Kf2 70. Nf4 Kg3 71. Ne2+ Kf3 72.
Ng1+ Kg2 73. Ne2 Bb7+ 74. Ke5 Bf3 75. Nf4+ Kg3 76. a6 h3 77. Nxh3 Kxh3 78. c5
Kg4 79. a7 1-0

[Event "Benidorm 2015 - sub2000"]
[Site "Benidorm ESP"]
[Date "2015.12.05"]
[Round "8.3"]
[White "Zibaei, Abdoullah"]
[Black "Corral Aragon, Juan Maria"]
[Result "1-0"]
[WhiteElo "1914"]
[BlackElo "1827"]
[PlyCount "112"]
[EventDate "2015.11.28"]
[EventType "swiss"]
[EventRounds "10"]
[EventCountry "ESP"]
[Source "lmi"]
[SourceDate "2015.11.28"]

1. e4 c6 2. d4 d5 3. Nc3 dxe4 4. Nxe4 Bf5 5. Ng3 Bg6 6. h4 h6 7. Nf3 Nd7 8. h5
Bh7 9. Bd3 Bxd3 10. Qxd3 e6 11. Bd2 Qc7 12. O-O-O Ngf6 13. Ne4 Nxe4 14. Qxe4
Nf6 15. Qe2 Bd6 16. g3 a5 17. c4 Bb4 18. Bf4 Bd6 19. Ne5 O-O 20. Kb1 c5 21.
dxc5 Bxe5 22. Bxe5 Qxc5 23. Ka1 Rfc8 24. Bxf6 gxf6 25. Rh4 a4 26. Rg4+ Kh7 27.
Rd7 Rc7 28. Qxe6 Rxd7 29. Qxd7 Qxh5 30. a3 Ra5 31. Rh4 Qg6 32. Rf4 Re5 33. Ka2
Re1 34. Qf5 b6 35. Qxg6+ Kxg6 36. c5 bxc5 37. Rxa4 Re2 38. Rf4 c4 39. Kb1 f5
40. a4 h5 41. Rf3 Kg5 42. a5 Re6 43. Ra3 Ra6 44. Kc2 f4 45. Kc3 Kg4 46. Kxc4
fxg3 47. Rxg3+ Kh4 48. b4 Rf6 49. b5 Rxf2 50. Ra3 Rc2+ 51. Kd5 Kg4 52. a6 Rc8
53. b6 h4 54. b7 Rd8+ 55. Kc6 h3 56. Rxh3 Kxh3 1-0

[Event "Benidorm 2015 - sub2000"]
[Site "Benidorm ESP"]
[Date "2015.12.05"]
[Round "8.4"]
[White "Milchenko, Valerii"]
[Black "Do Rosario, Jose"]
[Result "1/2-1/2"]
[WhiteElo "1743"]
[BlackElo "1839"]
[PlyCount "117"]
[EventDate "2015.11.28"]
[EventType "swiss"]
[EventRounds "10"]
[EventCountry "ESP"]
[Source "lmi"]
[SourceDate "2015.11.28"]

1. e4 e6 2. d4 d5 3. e5 c5 4. c3 Nc6 5. Nf3 Nge7 6. Bd3 Ng6 7. O-O Be7 8. Be3
Qb6 9. b3 cxd4 10. cxd4 Bd7 11. a3 Rc8 12. Nbd2 O-O 13. b4 Nb8 14. Qb3 Rc7 15.
Rfc1 Rfc8 16. Rc5 a6 17. g3 Be8 18. Rxc7 Rxc7 19. Qb2 Bb5 20. Bxb5 Qxb5 21. Rc1
Rc6 22. Nb3 b6 23. Rxc6 Qxc6 24. Qc1 f6 25. h4 Qxc1+ 26. Nxc1 fxe5 27. dxe5 Nd7
28. Bd4 a5 29. Nd3 axb4 30. axb4 h6 31. h5 Ngf8 32. Nd2 Bd8 33. f4 Nb8 34. b5
Nbd7 35. Kg2 Be7 36. Nb3 Kf7 37. Kf3 g6 38. hxg6+ Kxg6 39. Be3 h5 40. Bf2 Ba3
41. Be3 Kf7 42. g4 hxg4+ 43. Kxg4 Ng6 44. Nd4 Bc5 45. Ne1 Ngxe5+ 46. fxe5 Nxe5+
47. Kg5 Nc4 48. Bg1 e5 49. Ndf3 Bxg1 50. Nxg1 Ke6 51. Nc2 Nd6 52. Na3 d4 53.
Kg4 e4 54. Kf4 e3 55. Nf3 Kd5 56. Ne1 Nc4 57. Nxc4 Kxc4 58. Ke4 e2 59. Nd3
1/2-1/2

[Event "Benidorm 2015 - sub2000"]
[Site "Benidorm ESP"]
[Date "2015.12.05"]
[Round "8.5"]
[White "Constantino, Gudlack"]
[Black "Buenafe Moya, Jesus"]
[Result "1-0"]
[WhiteElo "1994"]
[BlackElo "1821"]
[PlyCount "85"]
[EventDate "2015.11.28"]
[EventType "swiss"]
[EventRounds "10"]
[EventCountry "ESP"]
[Source "lmi"]
[SourceDate "2015.11.28"]

1. e4 g6 2. d4 Bg7 3. Nf3 Nf6 4. e5 Ne4 5. Bd3 d5 6. exd6 Nxd6 7. O-O O-O 8.
Nbd2 Bf5 9. Nb3 Nc6 10. d5 Bxd3 11. Qxd3 Nb4 12. Qd2 a5 13. c3 a4 14. Nc5 Na6
15. Nxa6 Rxa6 16. Qd3 Nf5 17. Rd1 c6 18. g4 Nh6 19. Qc4 b5 20. Qe4 cxd5 21.
Rxd5 Rd6 22. Rxb5 Qd7 23. Rb4 a3 24. Bxh6 Bxh6 25. bxa3 Bg7 26. Rc1 Rd1+ 27.
Rxd1 Qxd1+ 28. Kg2 Bxc3 29. Rb7 Qd6 30. a4 e6 31. Qc4 Qd5 32. Rc7 Bf6 33. Rc5
Qb7 34. a5 Ra8 35. Rb5 Qd7 36. a6 Kg7 37. Rb7 Qd5 38. Qc7 e5 39. g5 Bxg5 40. a7
Bd8 41. Qxe5+ Qxe5 42. Nxe5 Kf6 43. Nc6 1-0

[Event "Benidorm 2015 - sub2000"]
[Site "Benidorm ESP"]
[Date "2015.12.06"]
[Round "9.1"]
[White "Ayats Llobera, Gerard"]
[Black "Fichtinger, Leopold"]
[Result "1-0"]
[WhiteElo "1988"]
[BlackElo "1951"]
[PlyCount "131"]
[EventDate "2015.11.28"]
[EventType "swiss"]
[EventRounds "10"]
[EventCountry "ESP"]
[Source "lmi"]
[SourceDate "2015.11.28"]

1. e4 c6 2. d4 d5 3. Nc3 dxe4 4. Nxe4 Nd7 5. Ng5 Ngf6 6. Bd3 e6 7. N1f3 Bd6 8.
Qe2 Nb6 9. Ne5 O-O 10. Ng4 g6 11. Nxf6+ Qxf6 12. Ne4 Qd8 13. h4 Nd5 14. h5 Bf4
15. g3 Bxc1 16. Rxc1 f5 17. Nd2 Qg5 18. hxg6 hxg6 19. Kd1 Qf6 20. Nf3 Bd7 21.
Ne5 Be8 22. f4 Qg7 23. c3 Nf6 24. Kc2 b5 25. Nxc6 Bxc6 26. Qxe6+ Qf7 27. Qxc6
a6 28. Kb1 Kg7 29. Rce1 Ng4 30. Bc2 Rfc8 31. Qe6 Re8 32. Qxf7+ Kxf7 33. Kc1 Kf6
34. Kd2 Red8 35. Rh7 Re8 36. Bb3 g5 37. Rf7+ Kg6 38. Rxe8 Rxe8 39. Ra7 Re3 40.
Rxa6+ Kg7 41. Be6 Rxg3 42. fxg5 Rg2+ 43. Kc1 Ne3 44. d5 f4 45. Ra7+ Kg6 46. Rf7
Rc2+ 47. Kb1 Rf2 48. a3 Nc4 49. Rf8 Kxg5 50. d6 Nxd6 51. Bd5 Nf5 52. c4 bxc4
53. a4 Ne3 54. Be4 Nd1 55. Rb8 c3 56. a5 cxb2 57. Bc2 Ne3 58. Bb3 Nf5 59. a6
Nd6 60. a7 Ne4 61. Bc2 Nd2+ 62. Kxb2 Nc4+ 63. Kc3 Ne3 64. a8=Q Rxc2+ 65. Kd3
Rc4 66. Rg8+ 1-0

[Event "Benidorm 2015 - sub2000"]
[Site "Benidorm ESP"]
[Date "2015.12.06"]
[Round "9.2"]
[White "Zibaei, Abdoullah"]
[Black "Blesa Fernandez, Francisco"]
[Result "0-1"]
[WhiteElo "1914"]
[BlackElo "1997"]
[PlyCount "119"]
[EventDate "2015.11.28"]
[EventType "swiss"]
[EventRounds "10"]
[EventCountry "ESP"]
[Source "lmi"]
[SourceDate "2015.11.28"]

1. e4 c5 2. Nf3 d6 3. d4 cxd4 4. Nxd4 Nf6 5. Nc3 g6 6. Be3 Bg7 7. f3 O-O 8. Qd2
Nc6 9. O-O-O d5 10. exd5 Nxd5 11. Nxc6 bxc6 12. Bd4 Nxc3 13. Bxc3 Qxd2+ 14.
Bxd2 Be6 15. b3 Rfd8 16. Bd3 a5 17. Be1 a4 18. Kd2 axb3 19. axb3 Ra2 20. Ke3
Bh6+ 21. f4 Bg4 22. Bh4 Bxd1 23. Rxd1 Ra5 24. Kf3 Rd7 25. Re1 g5 26. b4 Rad5
27. fxg5 Bxg5 28. Bf2 R7d6 29. g3 Rxd3+ 30. cxd3 Rxd3+ 31. Kg4 Bf6 32. Bc5 e6
33. Re4 Be7 34. Rc4 Bxc5 35. Rxc5 Rd4+ 36. Kf3 Rxb4 37. Rxc6 Kg7 38. Rc3 Kg6
39. h3 h5 40. Ra3 Kf5 41. Rc3 Rd4 42. Ra3 Ke5 43. Rb3 f5 44. Ra3 h4 45. gxh4
Rxh4 46. Ra5+ Kf6 47. Kg3 Rd4 48. Ra3 e5 49. h4 Rg4+ 50. Kh3 e4 51. Re3 Ke5 52.
Re1 Rg8 53. Ra1 e3 54. Ra4 e2 55. Ra1 Kf4 56. h5 Kf3 57. h6 Rg6 58. Kh4 Rxh6+
59. Kg5 Re6 60. Re1 0-1